Alle Städte und Orte in Kingdom Come: Deliverance - Statistiken

Allgemein
  • Dieses Quiz wurde 14 mal gespielt
  • Das Durchschnittsergebnis liegt bei 8 aus 19
Antwortstatistiken
Ort % Korrekt
Skalitz
92%
Rattay
83%
Sasau
75%
Talmberg
75%
Merhojed
67%
Neuhof
67%
Uschitze
58%
Ledetschko
50%
Katzeker Mühle
42%
Pribyslawitz
42%
Rowna
33%
Wranik
33%
Samopesch
25%
Sasauer Kloster
25%
Schenke zur Waldwiese
17%
Budiner Mühle
0%
Kohelnitzer Mühle
0%
Schenke zum Zerbrochenen Rad
0%
Windmühle
0%
Keine übereinstimmenden Quizze gefunden
Verteilung der Resultate
Anzahl Personen mit jedem Resultat
Perzentil nach korrekt beantworteten Fragen
Ihre Resultats-Entwicklung
Sie haben dieses Quiz noch nicht gespielt